00586 2200217 4500001002100000005001700021008004100038035002400079090002200103245006800125250001100193260003900204300001900243650002400262700002200286850001500308980001300323985000600336999001300342999001300355YOGYA-0209000000017920090227020329.0 ind  0010-020900000000179 a297.12403bEnslR aENSIKLOPEDI hadits NabibSahih Bukhori-MuslimcHussein Bahreisj aCet. 2 aSurabayabBintang Usaha Jayac2003 a336 hlmc21 cm aHadis - Ensiklopedi aBahreisj, Hussein aYOPDYOG[B] a12-01-05 a2 a04P03351 a04P03352